000 00264nam a2200097Ia 4500
005 20251222114355.0
008 251222s1900||||xx |||||||||||||| ||spa||
082 _aDVD0070/P27/2008
245 0 _aI Demoni di San Pietroburgo:Los demonios de San Petersburgo
942 _cDVD
999 _c1410
_d1410